Easy Math - Statistics

General Stats
  • This quiz has been taken 393 times
    357 since last reset
  • The average score is 7 of 7
Answer Stats
Problem Answer % Correct
9-6 3
100%
3x2 6
100%
12/2 6
100%
12+1 13
99%
3+12 15
99%
7x8 56
98%
pi 3.14
85%
No matching quizzes found
Score Distribution
Percent of People with Each Score
Percentile by Number Answered
Your Score History
You have not taken this quiz since the last reset